000 00617nam a22001337a 4500
040 _cRUA
082 _aAGR HOU 2015 B522 Or.1
100 _aHOUT CHANLINDA; ហួត ចាន់លីនដា
245 _aCucumber production of farms in koh thom (kor) commune, koh thom district, kandal province; ផលិតកម្មដំណាំត្រសក់របស់កសិករក្នុងឃុំកោះធំ'ខ' ស្រុុកកោះធំ ខេត្តកណ្តាល
260 _aPhnom Penh
_bRUA
_c2015
300 _aix; 45p;
_bill;
_c29cm;
856 _u HOUT CHANLINDA
942 _cAGR
999 _c10710
_d10710